Obesidad y enfermedades asociadas (Registro nro. 304407)

Detalles MARC
000 -ENCABEZADO
Número de control [NR] 01314nam a2200325 a 4500
005 - FECHA Y HORA DE LA ÚLTIMA TRANSACCIÓN
control field 20180313060910.0
008 - DE LONGITUD FIJA DE DATOS DE ELEMENTOS - INFORMACIÓN GENERAL
Elementos de longitud fija [NR] 160921s2013 ck ad gr 00110 spa d
020 ## - NUMERO INTERNACIONAL NORMALIZADO PARA LIBROS [R]
Número Internacional Normalizado del libro [NR] 9789587615470
020 ## - NUMERO INTERNACIONAL NORMALIZADO PARA LIBROS [R]
Número Internacional Normalizado del libro [NR] 9789587614886
020 ## - NUMERO INTERNACIONAL NORMALIZADO PARA LIBROS [R]
Número Internacional Normalizado del libro [NR] 9789587614893
040 ## - FUENTE DE CATALOGACION [NR]
Agencia de catalogación original [NR] CO-BoUCM
Idioma de catalogación [NR] spa
Quien Cataloga Edgar Pinilla
Quien Clasifica Edgar Pinilla
041 0# - CODIGO DE IDIOMA [R]
Código de idioma para texto/pista de sonido o título separado [R] Español
060 04 - SIGNATURA TOPOGRAFICA DE LA BIBLIOTECA NACIONAL DE MEDICINA (NLM) [R]
Número clasificador [R] WD 210
245 00 - MENCION DE TITULO [NR]
Título [NR] Obesidad y enfermedades asociadas
Mención de responsabilidad, etc. [NR] Álvaro Acosta de Haart...[y otros] ; editoras Ismena Mockus Sivickas, Martha Liliana Trujillo Güiza
260 ## - PUBLICACION, DISTRIBUCION, ETC. (PIE DE IMPRENTA) [R]
Lugar de publicación, distribución, etc. [R] Bogotá (Colombia)
Nombre del editor, distribuidor, etc. [R] Universidad Nacional de Colombia. Facultad de Medicina
Fecha de publicación, distribución, etc. [R] 2013
300 ## - DESCRIPCION FISICA [R]
Extensión [R] 235 páginas
Otros detalles físicos [NR] ilustraciones, gráficas
504 ## - NOTA DE BIBLIOGRAFIA, ETC. [R]
Nota de bibliografía, etc. [NR] Incluye referencias bibliográficas e índices
650 04 - ASIENTO SECUNDARIO DE MATERIA - TERMINO TEMATICO [R]
Término temático o nombre geográfico como elemento de entrada [NR] Obesidad
9 (RLIN) 20631
650 04 - ASIENTO SECUNDARIO DE MATERIA - TERMINO TEMATICO [R]
Término temático o nombre geográfico como elemento de entrada [NR] Enfermedades producidas por dietas
9 (RLIN) 14448
650 04 - ASIENTO SECUNDARIO DE MATERIA - TERMINO TEMATICO [R]
Término temático o nombre geográfico como elemento de entrada [NR] Índice de masa corporal
9 (RLIN) 80322
650 04 - ASIENTO SECUNDARIO DE MATERIA - TERMINO TEMATICO [R]
Término temático o nombre geográfico como elemento de entrada [NR] Enfermedades metabólicas
9 (RLIN) 14425
690 #0 - ASUNTO AGREGADO LOCAL DE ENTRADA - TÉRMINO TEMÁTICO (OCLC, RLIN)
Acceso temático local Medicina clínica
9 (RLIN) 19136
700 1# - ASIENTO SECUNDARIO - NOMBRE PERSONAL [R]
Nombre personal [NR] Acosta de Haart, Álvaro
9 (RLIN) 80324
700 1# - ASIENTO SECUNDARIO - NOMBRE PERSONAL [R]
Nombre personal [NR] Aldana Díaz, José Luis
9 (RLIN) 80326
700 1# - ASIENTO SECUNDARIO - NOMBRE PERSONAL [R]
Nombre personal [NR] Ángel Arango, Luis Alberto
9 (RLIN) 80327
700 1# - ASIENTO SECUNDARIO - NOMBRE PERSONAL [R]
Nombre personal [NR] Bohórquez Villamizar, Luisa Fernanda
9 (RLIN) 80328
700 1# - ASIENTO SECUNDARIO - NOMBRE PERSONAL [R]
Nombre personal [NR] Mockus Sivickas, Ismena
Término de relación [R] editor
9 (RLIN) 80324
700 1# - ASIENTO SECUNDARIO - NOMBRE PERSONAL [R]
Nombre personal [NR] Trujillo Güiza, Martha Liliana
Término de relación [R] editor
9 (RLIN) 80325
942 ## - ELEMENTOS DE ENTRADA AGREGADOS (KOHA)
Sistema de clasificación NLM
Tipo de ítem principal el descrito en 300a Libro
Tema principal Medicina
Edición 1
Clasificación WD 210
Parte restante de la signatura top. O126
Título oculto en OPAC No
Existencias
Fecha de último préstamo Total préstamos Total Renewals Signatura topográfica Código de barras Última vez visto Ejemplar Costo de reposición Price effective from Tipo de ítem Perdido Sistema de clasificación Dañado No prestable Tipo de ítem específico Suprimido Ubicación habitual Ubicación actual Localización Fecha de creación Proveedor Forma de adquisición Costo
09/11/2023 20 13 WD 210 O126 200029479 11/12/2025 Ej.1 74892.00 19/09/2016 Libro   NLM     Libro   Quinta de Mutis Quinta de Mutis 2do piso 19/09/2016 37 Compra 74892.00